000 00663cam a22002531 4500
001 sa 65008021
003 DLC
005 20260227112153.0
008 900207s1962 ii 000 0 sano
010 _asa 65008021
035 _a(OCoLC)21014971
040 _aDLC
_cWaU
_dDLC
042 _apremarc
050 0 0 _aPK541
_b.D9
100 1 _aDwivedi, Kubernath.
245 1 0 _aSaṃskr̥ta-prakāśa.
260 _c[1962]
300 _a208 p.
_c19 cm.
440 0 _aVidyabhawan Sanskrit granthamala,
_v85
500 _aAdded t. p.: The Sanskrit prakāsa.
500 _aIn Sanskrit.
650 0 _aSanskrit language
_xGrammar.
740 0 _aSanskrit prakasa.
999 _c65492
_d65492